[Event "Gipuzkoako Txapelketa Nagusia"]
[Site "Zarautz"]
[Date "2009.11.14"]
[Round "4.1"]
[White "Guijarro Galan, Jose Luis"]
[Black "Irure Crespo, Egoitz"]
[Result "1-0"]
[WhiteElo "2085"]
[BlackElo "1967"]
[PlyCount "97"]
[EventDate "2009.10.24"]
[EventRounds "7"]
[EventCountry "ESP"]

1. e4 c6 2. d4 d5 3. e5 Bf5 4. Bd3 Bxd3 5. Qxd3 e6 6. f4 Qa5+ 7. c3 Qa6 8. Ke2
Nh6 9. Nf3 c5 10. Be3 Qxd3+ 11. Kxd3 Na6 12. Nbd2 Nf5 13. g4 c4+ 14. Ke2 Ne7
15. b4 b5 16. a4 Nc7 17. axb5 Nxb5 18. Nb1 g6 19. Bd2 Nc6 20. Na3 Nxa3 21. Rxa3
Be7 22. Rha1 Kd7 23. Ra6 Rhb8 24. f5 gxf5 25. gxf5 exf5 26. Bg5 Bf8 27. Ke3 Kc7
28. e6 fxe6 29. Bf4+ Bd6 30. Bxd6+ Kxd6 31. Ne5 f4+ 32. Kf3 Rc8 33. b5 Rab8 34.
Rxc6+ Rxc6 35. bxc6 Ra8 36. Rg1 Rc8 37. Rg7 Rc7 38. Rxc7 Kxc7 39. Kxf4 a5 40.
Ke3 Kb6 41. Kd2 Kc7 42. Kc2 Kb6 43. Kb2 Kc7 44. Ka3 Kb6 45. Ka4 Ka6 46. Nd7 h6
47. h3 e5 48. dxe5 d4 49. cxd4 1-0

[Event "Gipuzkoako Txapelketa Nagusia"]
[Site "Zarautz"]
[Date "2009.11.21"]
[Round "5.1"]
[White "Argandona Riveiro, Inigo"]
[Black "Ezpeleta Pradera, Juan Francisc"]
[Result "1/2-1/2"]
[WhiteElo "2375"]
[BlackElo "2072"]
[PlyCount "48"]
[EventDate "2009.10.24"]
[EventRounds "7"]
[EventCountry "ESP"]

1. Nf3 Nf6 2. c4 e6 3. g3 d5 4. d4 c5 5. Bg2 Nc6 6. O-O Be7 7. Nc3 O-O 8. cxd5
exd5 9. h3 Ne4 10. Be3 Bf6 11. Rc1 Re8 12. g4 Nxc3 13. bxc3 c4 14. Qd2 g6 15.
Nh2 b5 16. g5 Bg7 17. Ng4 Bxg4 18. hxg4 Qd7 19. Rb1 Rab8 20. Bf4 Rb7 21. Bf3 b4
22. Qc2 a5 23. Kg2 Nd8 24. Bd2 Ne6 1/2-1/2

[Event "Gipuzkoako Txapelketa Nagusia"]
[Site "Zarautz"]
[Date "2009.11.21"]
[Round "5.1"]
[White "Manso Marquez, Felix"]
[Black "Galarza Cenzano, Inigo"]
[Result "1/2-1/2"]
[WhiteElo "2087"]
[BlackElo "2042"]
[PlyCount "39"]
[EventDate "2009.10.24"]
[EventRounds "7"]
[EventCountry "ESP"]

1. d4 Nf6 2. c4 e6 3. Nc3 Bb4 4. e3 O-O 5. Nge2 d5 6. a3 Be7 7. cxd5 exd5 8.
Ng3 c5 9. dxc5 Bxc5 10. Be2 Nc6 11. O-O d4 12. Na4 Bd6 13. exd4 Bxg3 14. hxg3
Nxd4 $2 15. Bd3 Bf5 16. Bg5 Bxd3 17. Qxd3 h6 18. Rad1 hxg5 19. Qxd4 Qxd4 20.
Rxd4 1/2-1/2

[Event "Gipuzkoako Txapelketa Nagusia"]
[Site "Zarautz"]
[Date "2009.11.21"]
[Round "5.1"]
[White "Garro Beraza, Haritz"]
[Black "Martin Alvarez, Inigo"]
[Result "0-1"]
[WhiteElo "2073"]
[BlackElo "2227"]
[PlyCount "40"]
[EventDate "2009.10.24"]
[EventRounds "7"]
[EventCountry "ESP"]

1. e4 c5 2. Nf3 Nc6 3. Bb5 e6 4. Bxc6 bxc6 5. d3 d5 6. O-O Ne7 7. Nc3 Ng6 8.
Re1 Be7 9. b3 Qc7 10. Qe2 O-O 11. Na4 e5 12. Ba3 Bg4 13. Bxc5 Bxc5 14. Nxc5 Nf4
15. Qf1 Bxf3 16. gxf3 Qd6 17. d4 Qg6+ 18. Kh1 Qh5 19. Kg1 f5 20. exf5 Rf6 0-1

[Event "Gipuzkoako Txapelketa Nagusia"]
[Site "Zarautz"]
[Date "2009.11.21"]
[Round "5.1"]
[White "Segovia Sanchez, Antonio"]
[Black "Guijarro Galan, Jose Luis"]
[Result "0-1"]
[WhiteElo "2019"]
[BlackElo "2085"]
[PlyCount "130"]
[EventDate "2009.10.24"]
[EventRounds "7"]
[EventCountry "ESP"]

1. d4 e6 2. c4 d5 3. Nc3 c6 4. Nf3 dxc4 5. a4 Bb4 6. e4 b5 7. Bd2 a5 8. e5 Bxc3
9. bxc3 Ne7 10. Ng5 Nd5 11. Qh5 Qe7 12. h4 g6 13. Qf3 f6 14. Ne4 O-O 15. Bh6
fxe5 16. Bxf8 Qxf8 17. Qxf8+ Kxf8 18. dxe5 Nd7 19. h5 Nxe5 20. hxg6 hxg6 21.
Rh7 Kg8 22. Rh4 Kg7 23. Be2 Nf7 24. Kd2 e5 25. Rah1 Nf6 26. Nxf6 Kxf6 27. Bf3
Ra6 28. Be4 b4 29. Bb1 Be6 30. f4 exf4 31. Rxf4+ Kg7 32. Re1 c5 33. Re3 Rd6+
34. Kc1 b3 35. Rg3 Ne5 36. Re4 Nd3+ 37. Bxd3 cxd3 38. Rxe6 Rxe6 39. Rxd3 Re2
40. g3 c4 41. Rf3 Ra2 42. Kb1 Rxa4 43. Rf4 g5 44. Re4 Kg6 45. g4 Kf6 46. Re8
Ra2 47. Rc8 a4 48. Rxc4 a3 49. Rb4 Rb2+ 50. Ka1 Ke5 51. Ra4 Ra2+ 52. Kb1 Kd5
53. Rb4 Rb2+ 54. Ka1 Kc5 55. Ra4 Rc2 56. Rxa3 Kc4 57. Ra8 Ra2+ 58. Rxa2 bxa2
59. Kxa2 Kxc3 60. Kb1 Kd2 61. Kb2 Ke3 62. Kc2 Kf3 63. Kd2 Kxg4 64. Ke2 Kg3 65.
Ke3 g4 0-1

[Event "Gipuzkoako Txapelketa Nagusia"]
[Site "Zarautz"]
[Date "2009.11.21"]
[Round "5.1"]
[White "Olabe Odriozola, Eduardo"]
[Black "Agirretxe San Sebastian, Jesus"]
[Result "0-1"]
[WhiteElo "1830"]
[BlackElo "2164"]
[PlyCount "38"]
[EventDate "2009.10.24"]
[EventRounds "7"]
[EventCountry "ESP"]

1. e4 e5 2. Nc3 Bc5 3. Bc4 Nf6 4. d3 d6 5. Nge2 Ng4 6. d4 exd4 7. Nxd4 Nc6 8.
Bb5 O-O 9. Bxc6 bxc6 10. O-O Qf6 11. Be3 Nxe3 12. fxe3 Qg5 13. Qf3 Bd7 14. Rae1
Rab8 15. Na4 Bxd4 16. exd4 c5 17. Qa3 cxd4 18. b3 Qa5 19. Rd1 Rb4 0-1

[Event "Gipuzkoako Txapelketa Nagusia"]
[Site "Zarautz"]
[Date "2009.11.21"]
[Round "5.1"]
[White "Alcaide Luque, Aitor"]
[Black "Lakunza Plazaola, Asier"]
[Result "1/2-1/2"]
[WhiteElo "2104"]
[BlackElo "2089"]
[PlyCount "88"]
[EventDate "2009.10.24"]
[EventRounds "7"]
[EventCountry "ESP"]

1. d4 d5 2. c4 e6 3. Nc3 Be7 4. Nf3 Nf6 5. Bg5 O-O 6. e3 Nbd7 7. Rc1 c6 8. Bd3
h6 9. Bh4 dxc4 10. Bxc4 Nd5 11. Bxe7 Qxe7 12. O-O Nxc3 13. Rxc3 e5 14. dxe5
Nxe5 15. Nxe5 Qxe5 16. f4 Qe4 17. Qe2 Bf5 18. Bd3 Qe6 19. Bxf5 Qxf5 20. e4 Rfe8
21. Re3 Qc5 22. Kh1 Rad8 23. e5 Rd5 24. Re1 Qb4 25. f5 Rd2 26. Qh5 Rxb2 27. e6
Re7 28. f6 Rxe6 29. Rxe6 fxe6 30. Qe8+ Kh7 31. Qxe6 Rf2 32. fxg7 Kxg7 33. Rd1
Rf7 34. h3 Qf4 35. Rb1 Qf6 36. Qg4+ Qg6 37. Qd4+ Kh7 38. Rb3 Rg7 39. Qf2 b6 40.
Rf3 c5 41. Rf6 Qe4 42. Qd2 Rg6 43. Rf7+ Rg7 44. Rf6 Rg6 $2 1/2-1/2

[Event "Gipuzkoako Txapelketa Nagusia"]
[Site "Zarautz"]
[Date "2009.11.21"]
[Round "5.1"]
[White "Tejedor Txapartegui, Nabar"]
[Black "Olmo Vega, Diego"]
[Result "0-1"]
[WhiteElo "2044"]
[BlackElo "2000"]
[PlyCount "68"]
[EventDate "2009.10.24"]
[EventRounds "7"]
[EventCountry "ESP"]

1. e4 c5 2. Nf3 Nc6 3. d4 cxd4 4. Nxd4 Nf6 5. Nc3 e5 6. Ndb5 d6 7. Nd5 Nxd5 8.
exd5 Nb8 9. Qf3 a6 10. Qa3 Be7 11. Bd2 O-O 12. Bb4 Qd7 13. Nxd6 Bxd6 14. Bxd6
Rd8 15. Bxb8 Qxd5 16. Bd3 Qxg2 17. O-O-O Qg5+ 18. Kb1 Rxb8 19. Rhg1 Qf6 20. Qc3
Bf5 21. Bxf5 Qxf5 22. Qa5 Re8 23. Rd2 Qf6 24. Rgd1 g6 25. a3 Qh4 26. f3 Qf4 27.
Qc3 b5 28. Qb3 Rf8 29. Rd7 Qxh2 30. Ra7 Rb6 31. Rdd7 Rf6 32. Qd5 h5 33. Rd8
Qg1+ 34. Ka2 Qxa7 0-1

[Event "Gipuzkoako Txapelketa Nagusia"]
[Site "Zarautz"]
[Date "2009.11.21"]
[Round "5.1"]
[White "Etxagibel Larranaga, Asier"]
[Black "Alvarado Fernandez, Mikel"]
[Result "1-0"]
[WhiteElo "1945"]
[BlackElo "2016"]
[PlyCount "79"]
[EventDate "2009.10.24"]
[EventRounds "7"]
[EventCountry "ESP"]

1. d4 e6 2. Nf3 b6 3. c4 Bb7 4. Nbd2 Nf6 5. g3 c5 6. Bg2 cxd4 7. O-O Be7 8.
Nxd4 Bxg2 9. Kxg2 O-O 10. b3 d5 11. Bb2 Qd7 12. cxd5 Qxd5+ 13. f3 Ng4 14. Nc4
Rd8 15. e4 Qxc4 16. fxg4 Qc8 17. Qf3 Rf8 18. Rac1 Qb7 19. Qf4 Na6 20. Nc6 Nc5
21. Nxe7+ Qxe7 22. Ba3 Rac8 23. Qe3 Qb7 24. Bxc5 Rxc5 25. Rxc5 bxc5 26. Rc1 Rc8
27. Rxc5 Rxc5 28. Qxc5 Qxe4+ 29. Kh3 h6 30. Qxa7 g5 31. Qf2 Kg7 32. Qg2 Qb1 33.
Qe2 Qg1 34. a4 h5 35. gxh5 f5 36. h6+ Kh7 37. a5 g4+ 38. Kh4 e5 39. Kg5 Qa7 40.
Qxe5 1-0

[Event "Gipuzkoako Txapelketa Nagusia"]
[Site "Zarautz"]
[Date "2009.11.21"]
[Round "5.1"]
[White "Ladron De Guevara Galar, Fco J"]
[Black "Arana Garate, Jon"]
[Result "1-0"]
[WhiteElo "2071"]
[BlackElo "1952"]
[PlyCount "85"]
[EventDate "2009.10.24"]
[EventRounds "7"]
[EventCountry "ESP"]

1. d4 e6 2. c4 Nf6 3. Nf3 b6 4. a3 Bb7 5. Nc3 Be7 6. d5 O-O 7. e4 d6 8. Bd3
Nbd7 9. b4 Ng4 10. Nd4 Bf6 11. Be2 Nge5 12. Bb2 exd5 13. Nxd5 c6 14. Nxf6+ Nxf6
15. Qc2 c5 16. Nf3 Bxe4 17. Qc3 Nxf3+ 18. gxf3 Bg6 19. O-O-O Re8 20. Bd3 Re6
21. f4 Ne8 22. f5 Qg5+ 23. Qd2 Qxd2+ 24. Kxd2 Bxf5 25. Bxf5 Rh6 26. Rde1 d5 27.
cxd5 Nd6 28. Bd3 c4 29. Bc2 Rc8 30. a4 Rh5 31. Be5 f6 32. Bxd6 Rxd5+ 33. Kc3
Rxd6 34. Rd1 Rdc6 35. b5 Rc5 36. Rd7 Rh5 37. Rxa7 Rh3+ 38. Kb2 Re8 39. Rb7 Re6
40. Rd1 Kf8 41. Rd8+ Re8 42. Rxe8+ Kxe8 43. Rxb6 1-0

[Event "Gipuzkoako Txapelketa Nagusia"]
[Site "Zarautz"]
[Date "2009.11.21"]
[Round "5.1"]
[White "Juez Villar, Erik"]
[Black "Beitia Amador-Carrandi, Ernesto"]
[Result "0-1"]
[WhiteElo "1938"]
[BlackElo "1988"]
[PlyCount "32"]
[EventDate "2009.10.24"]
[EventRounds "7"]
[EventCountry "ESP"]

1. d4 Nf6 2. c4 e6 3. Nc3 Bb4 4. f3 c5 5. a3 Bxc3+ 6. bxc3 O-O 7. Bg5 h6 8. Bh4
d6 9. e4 Nc6 10. dxc5 dxc5 11. Qxd8 Rxd8 12. f4 Rd7 13. e5 Ne4 14. Rc1 b6 15.
Be2 Bb7 16. Bf3 Na5 0-1

[Event "Gipuzkoako Txapelketa Nagusia"]
[Site "Zarautz"]
[Date "2009.11.21"]
[Round "5.1"]
[White "Argandona Riveiro, Jon"]
[Black "Nogues Fernandez, Ramon"]
[Result "1/2-1/2"]
[WhiteElo "1979"]
[BlackElo "1862"]
[PlyCount "93"]
[EventDate "2009.10.24"]
[EventRounds "7"]
[EventCountry "ESP"]

1. e4 e6 2. d3 d5 3. Nd2 Nf6 4. Ngf3 c5 5. Be2 Nc6 6. O-O Bd6 7. Re1 O-O 8. c3
Qc7 9. Qc2 b6 10. Nf1 Bb7 11. Bg5 dxe4 12. dxe4 Ne5 13. Bxf6 gxf6 14. Nxe5 Bxe5
15. g3 Rfd8 16. Ne3 Bd6 17. Ng4 Be7 18. Bd1 h5 19. Ne3 h4 20. Ng4 hxg3 21. hxg3
Kg7 22. Qe2 Rh8 23. Nh2 f5 24. Bc2 Rh6 25. f4 Rah8 26. Nf3 fxe4 27. Bxe4 f5 28.
Bxb7 Qxb7 29. Qg2 c4 30. Nh4 Qxg2+ 31. Nxg2 Bc5+ 32. Kf1 Rg6 33. b4 cxb3 34.
axb3 a5 35. b4 axb4 36. cxb4 Rh1+ 37. Ke2 Rxe1+ 38. Nxe1 Bxb4 39. Kf2 Bc5+ 40.
Kg2 Kf6 41. Nf3 Rg8 42. Ra7 Rd8 43. Ne5 Rd2+ 44. Kh3 Be7 45. Nd7+ Kg6 46. Ne5+
Kf6 47. Nd7+ 1/2-1/2

[Event "Gipuzkoako Txapelketa Nagusia"]
[Site "Zarautz"]
[Date "2009.11.21"]
[Round "5.1"]
[White "Irure Crespo, Egoitz"]
[Black "Puga Senar, Fernando"]
[Result "1-0"]
[WhiteElo "1967"]
[BlackElo "1714"]
[PlyCount "47"]
[EventDate "2009.10.24"]
[EventRounds "7"]
[EventCountry "ESP"]

1. e4 e6 2. d4 d5 3. Nc3 Nf6 4. e5 Nfd7 5. Nf3 a6 6. Bd3 c5 7. dxc5 Bxc5 8. Qe2
Nc6 9. Bf4 f6 10. exf6 Nxf6 11. O-O-O O-O 12. Ne5 Nd4 13. Qd2 b5 14. Be3 Qc7
15. Bxd4 Bxd4 16. Bxh7+ Kxh7 17. Qxd4 Bd7 18. Rd3 Rfc8 19. Qh4+ Kg8 20. Re1 Ne4
21. f4 b4 22. Rh3 Qxe5 23. fxe5 bxc3 24. Qh8+ 1-0

[Event "Gipuzkoako Txapelketa Nagusia"]
[Site "Zarautz"]
[Date "2009.11.21"]
[Round "5.1"]
[White "Lazkano Gaite, Tomas"]
[Black "Rodriguez Cabrera, Fco  Javier"]
[Result "0-1"]
[WhiteElo "1731"]
[BlackElo "1965"]
[PlyCount "88"]
[EventDate "2009.10.24"]
[EventRounds "7"]
[EventCountry "ESP"]

1. d4 Nf6 2. c4 g6 3. Nc3 Bg7 4. e4 d6 5. Nf3 O-O 6. Be2 c5 7. d5 e6 8. O-O
exd5 9. cxd5 Re8 10. Bb5 Bd7 11. Bxd7 Qxd7 12. Qd3 Na6 13. a3 Rac8 14. Nd2 c4
15. Qc2 b5 16. b3 cxb3 17. Qxb3 Nxe4 18. Ncxe4 f5 19. Rb1 fxe4 20. Qxb5 Qxb5
21. Rxb5 Nc7 22. Rb7 Nxd5 23. Rd7 Nc3 24. Nb3 Ne2+ 25. Kh1 Nxc1 26. Rxc1 Rxc1+
27. Nxc1 Bb2 28. Ne2 Bxa3 29. Rxa7 Bc5 30. Rd7 Rf8 31. h3 Rxf2 32. Ng3 e3 33.
Re7 Kf8 34. Re4 h5 35. Kh2 d5 36. Re5 Rd2 37. Re6 Kf7 38. Rc6 Bd4 39. Rc1 Be5
40. h4 e2 41. Kh3 Rd3 42. Re1 Rxg3+ 43. Kh2 Re3+ 44. Kg1 Bg3 0-1

[Event "Gipuzkoako Txapelketa Nagusia"]
[Site "Zarautz"]
[Date "2009.11.21"]
[Round "5.1"]
[White "Garro Beraza, Julen"]
[Black "Garrido Fernandez, David"]
[Result "0-1"]
[WhiteElo "1856"]
[BlackElo "1969"]
[PlyCount "54"]
[EventDate "2009.10.24"]
[EventRounds "7"]
[EventCountry "ESP"]

1. e4 e6 2. d3 d5 3. Nd2 Nf6 4. Ngf3 Be7 5. g3 O-O 6. Bg2 c5 7. O-O Nc6 8. Re1
Qc7 9. Qe2 b5 10. Nf1 a5 11. h4 Ba6 12. e5 Nd7 13. Bf4 b4 14. h5 c4 15. h6 g6
16. b3 cxd3 17. cxd3 Nc5 18. Red1 Ne4 19. Qe3 Nc3 20. Rdc1 Na7 21. d4 Qd7 22.
a4 Ne2+ 23. Kh2 Nxc1 24. Rxc1 Rac8 25. Rb1 Rc3 26. Qd2 Rfc8 27. Bg5 Bd3 0-1

[Event "Gipuzkoako Txapelketa Nagusia"]
[Site "Zarautz"]
[Date "2009.11.21"]
[Round "5.1"]
[White "Izagirre Alsua, Aritz"]
[Black "Fernandez Zubitur, Jokin"]
[Result "0-1"]
[WhiteElo "1837"]
[BlackElo "1869"]
[PlyCount "115"]
[EventDate "2009.10.24"]
[EventRounds "7"]
[EventCountry "ESP"]

1. e4 e5 2. Nc3 Nc6 3. g3 Bc5 4. Bg2 d6 5. Nge2 Nge7 6. O-O O-O 7. d3 f5 8. Na4
Bb6 9. Nxb6 axb6 10. f4 fxe4 11. dxe4 Bg4 12. h3 Be6 13. b3 exf4 14. gxf4 Qe8
15. Ng3 Qg6 16. Kh2 Qf6 17. Be3 Ra5 18. a4 d5 19. e5 Qg6 20. Rf2 Nf5 21. Nxf5
Rxf5 22. Bf3 d4 23. Bc1 Rf8 24. Qe2 Bf5 25. Bh5 Qe6 26. Bg4 Bxg4 27. Qxg4 Qxg4
28. hxg4 Rxe5 29. Ba3 Rf7 30. Rd1 Re4 31. Kg3 h6 32. Bc1 Rfe7 33. Rd3 Nb4 34.
Rdf3 Nd5 35. f5 Nf6 36. Bf4 Re2 37. Rxe2 Rxe2 38. Bxc7 Nd5 39. Bd6 Rxc2 40. Be5
Rd2 41. Bf4 Rd1 42. Rf2 Rd3+ 43. Rf3 Nxf4 44. Kxf4 Rd1 45. Ke4 Kf7 46. Kd5 d3
47. Kd6 d2 48. Rd3 Kf6 49. Rd4 Kg5 50. Kd7 Kh4 51. Kd6 Kg3 52. Kd7 Kf3 53. b4
Ke3 54. Rd6 Rc1 55. Re6+ Kf3 56. Rd6 d1=Q 57. Rxd1 Rxd1+ 58. Kc7 0-1

[Event "Gipuzkoako Txapelketa Nagusia"]
[Site "Zarautz"]
[Date "2009.11.21"]
[Round "5.1"]
[White "Paredes Macarro, Manuel"]
[Black "Kuende Gorostidi, Jon"]
[Result "1-0"]
[WhiteElo "1860"]
[BlackElo "1805"]
[PlyCount "58"]
[EventDate "2009.10.24"]
[EventRounds "7"]
[EventCountry "ESP"]

1. e4 c5 2. a3 Nc6 3. b4 cxb4 4. axb4 Nxb4 5. c3 Nc6 6. d4 e6 7. Na3 a6 8. Bf4
d5 9. Nb5 e5 10. dxe5 Bg4 11. Qa4 dxe4 12. e6 Bc5 13. Nc7+ Kf8 14. Nxa8 Qf6 15.
Be3 Qxc3+ 16. Bd2 Bxf2+ 17. Kxf2 Qxd2+ 18. Be2 e3+ 19. Kf1 Nd4 20. Qd1 Qxd1+
21. Rxd1 Nxe2 22. Nxe2 Nf6 23. Rd8+ Ne8 24. Nc7 Ke7 25. Rxe8+ Rxe8 26. Nxe8
Kxe8 27. exf7+ Kxf7 28. Ke1 a5 29. Rf1+ Ke6 1-0

[Event "Gipuzkoako Txapelketa Nagusia"]
[Site "Zarautz"]
[Date "2009.11.21"]
[Round "5.1"]
[White "Goni Garmendia, Aitor"]
[Black "Velte, Daniela"]
[Result "0-1"]
[WhiteElo "1847"]
[BlackElo "1763"]
[PlyCount "100"]
[EventDate "2009.10.24"]
[EventRounds "7"]
[EventCountry "ESP"]

1. e4 d6 2. d4 Nf6 3. Nc3 g6 4. Be3 Bg7 5. Bc4 O-O 6. Qd2 Ng4 7. Bg5 h6 8. Bh4
c6 9. f3 b5 10. Bb3 Nf6 11. a3 a5 12. Nge2 Ba6 13. Bf2 Qc7 14. h4 c5 15. dxc5
dxc5 16. Nd5 Nxd5 17. Bxd5 Nc6 18. Bg3 Qb6 19. O-O-O e6 20. Bxc6 Qxc6 21. Qd6
Qb7 22. Qd7 Qxd7 23. Rxd7 b4 24. Re1 Rfd8 25. Rxd8+ Rxd8 26. Bc7 Rd7 27. Bxa5
bxa3 28. bxa3 Rb7 29. Bc3 e5 30. Kd2 h5 31. Ke3 Ra7 32. Ra1 Bb5 33. g3 Ba4 34.
Rc1 Bh6+ 35. f4 f6 36. Kd3 Bb5+ 37. Kd2 Rxa3 38. Ra1 Rxa1 39. Bxa1 exf4 40.
gxf4 Kf7 41. Ke3 Bxe2 42. Kxe2 Bxf4 43. Kf3 g5 44. Bb2 Ke6 45. c4 Be5 46. Bc1
g4+ 47. Kg2 f5 48. exf5+ Kxf5 49. Bh6 Bd6 50. Kf2 Ke4 0-1

[Event "Gipuzkoako Txapelketa Nagusia"]
[Site "Zarautz"]
[Date "2009.11.21"]
[Round "5.1"]
[White "D Anna Razzetti, Juan Pablo"]
[Black "Cantabrana Garona, Alejandro"]
[Result "0-1"]
[WhiteElo "1818"]
[BlackElo "1789"]
[PlyCount "116"]
[EventDate "2009.10.24"]
[EventRounds "7"]
[EventCountry "ESP"]

1. d4 Nf6 2. c4 e6 3. Nc3 c5 4. d5 exd5 5. cxd5 d6 6. e4 g6 7. Bd3 Bg7 8. Nge2
O-O 9. O-O Ng4 10. f4 c4 11. Bxc4 Qb6+ 12. Kh1 Nf2+ 13. Rxf2 Qxf2 14. Nb5 Qb6
15. Qg1 Qd8 16. Be3 a6 17. Bb6 Qe7 18. Nc7 Ra7 19. Qc1 Bg4 20. Bxa7 Qxc7 21. h3
b5 22. Bxb8 Qxb8 23. Bd3 Bd7 24. Qd2 Qb6 25. Rc1 h5 26. b3 b4 27. Rc2 a5 28.
Qc1 Bf6 29. Qg1 Qb7 30. Nd4 Ra8 31. Qe3 Qa7 32. e5 dxe5 33. fxe5 Re8 34. e6
fxe6 35. Nf5 Qb8 36. Nh6+ Kg7 37. Rf2 exd5 38. Qf3 Re1+ 39. Bf1 Qe5 40. Ng8
Kxg8 41. Qxf6 Qxf6 42. Rxf6 Bb5 43. Rxg6+ Kf7 44. Rg5 Bxf1 45. Kh2 Ke6 46. Rxh5
Ra1 47. Rh6+ Ke5 48. Rh5+ Ke4 49. Rh4+ Kd3 50. g4 Ke3 51. Rh8 Rxa2+ 52. Kg1 Bd3
53. g5 Be4 54. h4 d4 55. h5 d3 56. g6 d2 57. Rd8 Ra1+ 58. Kh2 d1=Q 0-1

[Event "Gipuzkoako Txapelketa Nagusia"]
[Site "Zarautz"]
[Date "2009.11.28"]
[Round "6.1"]
[White "Guijarro Galan, Jose Luis"]
[Black "Argandona Riveiro, Inigo"]
[Result "0-1"]
[WhiteElo "2085"]
[BlackElo "2375"]
[PlyCount "78"]
[EventDate "2009.10.24"]
[EventRounds "7"]
[EventCountry "ESP"]

1. e4 c5 2. Nf3 Nc6 3. d4 cxd4 4. Nxd4 g6 5. Nc3 Bg7 6. Be3 Nf6 7. f3 O-O 8.
Qd2 d5 9. O-O-O dxe4 10. Nxc6 Qxd2+ 11. Rxd2 bxc6 12. Be2 Bf5 13. g4 exf3 14.
gxf5 fxe2 15. Rxe2 Rfd8 16. Bc5 Nd5 17. fxg6 Bh6+ 18. Kb1 Nxc3+ 19. bxc3 hxg6
20. Bxe7 Rab8+ 21. Ka1 Re8 22. Bd6 Rxe2 23. Bxb8 a6 24. Kb2 Re7 25. Bd6 Rd7 26.
Bb4 f5 27. Kb3 Be3 28. Kc4 Rd5 29. h4 f4 30. Be7 f3 31. Rf1 f2 32. Bg5 Bb6 33.
Bf4 Kf7 34. a4 a5 35. Bg3 Rf5 36. Bh2 Rf3 37. Be5 Ke6 38. Bd4 Bxd4 39. cxd4 Kf5
0-1

[Event "Gipuzkoako Txapelketa Nagusia"]
[Site "Zarautz"]
[Date "2009.11.28"]
[Round "6.1"]
[White "Galarza Cenzano, Inigo"]
[Black "Martin Alvarez, Inigo"]
[Result "0-1"]
[WhiteElo "2042"]
[BlackElo "2227"]
[PlyCount "60"]
[EventDate "2009.10.24"]
[EventRounds "7"]
[EventCountry "ESP"]

1. e4 c5 2. Nc3 e6 3. f4 a6 4. Nf3 d5 5. g3 b5 6. Qe2 b4 7. Nd1 Bb7 8. d3 Be7
9. Bg2 dxe4 10. dxe4 a5 11. Ne5 Ba6 12. Qg4 Bf6 13. Nxf7 Kxf7 14. e5 Ra7 15.
exf6 Nxf6 16. Qg5 Re8 17. Ne3 Qd4 18. Qe5 Nbd7 19. Qg5 Nf8 20. Qe5 Ng6 21. Qxd4
cxd4 22. Nd1 Rc7 23. a3 Rxc2 24. Bd2 b3 25. a4 e5 26. f5 Nf4 27. Bf1 Bxf1 28.
Rxf1 Nd3+ 29. Ke2 e4 30. Ra3 e3 0-1

[Event "Gipuzkoako Txapelketa Nagusia"]
[Site "Zarautz"]
[Date "2009.11.28"]
[Round "6.1"]
[White "Ezpeleta Pradera, Juan Francisc"]
[Black "Etxagibel Larranaga, Asier"]
[Result "1-0"]
[WhiteElo "2072"]
[BlackElo "1945"]
[PlyCount "57"]
[EventDate "2009.10.24"]
[EventRounds "7"]
[EventCountry "ESP"]

1. e4 c5 2. Nf3 Nc6 3. Bb5 g6 4. O-O Bg7 5. c3 Nf6 6. Re1 O-O 7. d4 cxd4 8.
cxd4 Qb6 9. Nc3 a6 10. Bf1 d6 11. h3 Bd7 12. a3 Rac8 13. Bg5 Na5 14. e5 Qxb2
15. exf6 exf6 16. Bd2 Rxc3 17. Bxc3 Qxc3 18. Re3 Qb2 19. Rb1 Qa2 20. Qe1 Qd5
21. Qb4 f5 22. Rbe1 f4 23. Rc3 g5 24. Bd3 Nc6 25. Qxb7 Bxd4 26. Be4 Qa5 27.
Rxc6 Bxc6 28. Qxc6 Qxa3 29. Nxd4 1-0

[Event "Gipuzkoako Txapelketa Nagusia"]
[Site "Zarautz"]
[Date "2009.11.28"]
[Round "6.1"]
[White "Agirretxe San Sebastian, Jesus"]
[Black "Manso Marquez, Felix"]
[Result "1/2-1/2"]
[WhiteElo "2164"]
[BlackElo "2087"]
[PlyCount "70"]
[EventDate "2009.10.24"]
[EventRounds "7"]
[EventCountry "ESP"]

1. Nf3 d5 2. d4 Nf6 3. g3 e6 4. c4 Be7 5. Bg2 O-O 6. O-O Nbd7 7. b3 c6 8. Qc2
b6 9. Rd1 Ba6 10. Nbd2 Rc8 11. e4 Bb7 12. Bb2 Qc7 13. Rac1 Qb8 14. Qd3 Rfd8 15.
Qe2 dxe4 16. Nxe4 Nxe4 17. Qxe4 c5 18. Qe2 Bf6 19. Rc2 Qa8 20. Rcd2 cxd4 21.
Bxd4 Bxd4 22. Rxd4 Nc5 23. Qd2 Rxd4 24. Qxd4 e5 25. Qe3 Ne6 26. Nh4 Bxg2 27.
Nxg2 f6 28. f4 Re8 29. fxe5 Ng5 30. Rd5 Rxe5 31. Rxe5 Nf3+ 32. Kf2 Nxe5 33. h3
Qc8 34. Nf4 g5 35. Nd5 Qf5+ 1/2-1/2

[Event "Gipuzkoako Txapelketa Nagusia"]
[Site "Zarautz"]
[Date "2009.11.28"]
[Round "6.1"]
[White "Olmo Vega, Diego"]
[Black "Ladron De Guevara Galar, Fco J"]
[Result "1-0"]
[WhiteElo "2000"]
[BlackElo "2071"]
[PlyCount "83"]
[EventDate "2009.10.24"]
[EventRounds "7"]
[EventCountry "ESP"]

1. e4 e5 2. Nc3 Nf6 3. g3 Nc6 4. Bg2 Bc5 5. Nge2 a6 6. O-O d6 7. h3 h5 8. d3 h4
9. g4 Nxg4 10. hxg4 Bxg4 11. Kh2 h3 12. Bh1 Qh4 13. f3 Be6 14. Qe1 Qe7 15. a3
g5 16. Nd5 Bxd5 17. exd5 Nb8 18. Ng3 f6 19. Be3 Nd7 20. Bxc5 Nxc5 21. b4 Nd7
22. Nf5 Qh7 23. Qe4 O-O-O 24. a4 Nf8 25. a5 Ng6 26. c4 Nf4 27. Rf2 Rdg8 28. Rg1
Kb8 29. Rb2 Qh5 30. Rg4 Qf7 31. b5 axb5 32. Rxb5 Qd7 33. Rg1 Ka8 34. Rgb1 Rb8
35. R1b2 Rhg8 36. d4 Qh7 37. Qb1 g4 38. fxg4 Rxg4 39. Ne3 Rg2+ 40. Bxg2 Qh6 41.
Be4 Rg8 42. Rxb7 1-0

[Event "Gipuzkoako Txapelketa Nagusia"]
[Site "Zarautz"]
[Date "2009.11.28"]
[Round "6.1"]
[White "Rodriguez Cabrera, Fco  Javier"]
[Black "Alcaide Luque, Aitor"]
[Result "0-1"]
[WhiteElo "1965"]
[BlackElo "2104"]
[PlyCount "42"]
[EventDate "2009.10.24"]
[EventRounds "7"]
[EventCountry "ESP"]

1. e4 e6 2. d4 d5 3. Nc3 Nc6 4. Be3 Bb4 5. e5 f6 6. Bd3 Qe7 7. a3 Bxc3+ 8. bxc3
fxe5 9. dxe5 Nxe5 10. Qh5+ Nf7 11. Nf3 g6 12. Qg4 Nf6 13. Qa4+ c6 14. O-O O-O
15. c4 e5 16. Ng5 e4 17. Be2 Bg4 18. Bd1 Qe5 19. Nxf7 Rxf7 20. Bxg4 Nxg4 21.
cxd5 Qxh2# 0-1

[Event "Gipuzkoako Txapelketa Nagusia"]
[Site "Zarautz"]
[Date "2009.11.28"]
[Round "6.1"]
[White "Lakunza Plazaola, Asier"]
[Black "Segovia Sanchez, Antonio"]
[Result "1-0"]
[WhiteElo "2089"]
[BlackElo "2019"]
[PlyCount "151"]
[EventDate "2009.10.24"]
[EventRounds "7"]
[EventCountry "ESP"]

1. e4 d5 2. exd5 Qxd5 3. Nc3 Qa5 4. d4 Nf6 5. Nf3 c6 6. Bc4 Bf5 7. Ne5 e6 8. g4
Be4 9. f3 Bd5 10. Qd3 Nbd7 11. Nxd7 Nxd7 12. Bd2 Bxc4 13. Qxc4 O-O-O 14. O-O-O
Nb6 15. Qb3 Bb4 16. Ne4 Bxd2+ 17. Rxd2 Qd5 18. Qxd5 cxd5 19. Ng5 Rd7 20. f4 Nc4
21. Re2 Nd6 22. Nf3 Rc7 23. Rf1 h5 24. g5 g6 25. a3 a5 26. Ne5 Nf5 27. Rd1 b5
28. Rd3 Kb7 29. Red2 Rhc8 30. Kb1 Ka6 31. Rf2 b4 32. Rfd2 Kb5 33. Rh3 Nd6 34.
Rhd3 Ka4 35. Re2 Nb5 36. axb4 axb4 37. Red2 Nd6 38. Re2 Nf5 39. Red2 Kb5 40.
Rh3 Ra8 41. Rb3 Ka4 42. Rdd3 Rac8 43. Rd2 Rxc2 44. Rxb4+ Kxb4 45. Rxc2 Rxc2 46.
Kxc2 Nxd4+ 47. Kd3 Nf5 48. Nxf7 Kb3 49. Ne5 Ne7 50. Nd7 Kxb2 51. Nf8 Kb3 52.
Nxe6 Nf5 53. Nf8 Ne7 54. Kd4 Kb4 55. Ne6 Kb5 56. Ke5 Kc6 57. Nd4+ Kc5 58. Ne6+
Kc6 59. Nd4+ Kc5 60. f5 gxf5 61. Nxf5 Ng6+ 62. Kf6 Nf4 63. g6 h4 64. g7 Nh5+
65. Ke5 Nxg7 66. Nxg7 Kc4 67. Nf5 h3 68. Ne3+ Kd3 69. Nxd5 Ke2 70. Kf4 Kf2 71.
Ne3 Ke2 72. Ng4 Kf1 73. Kg3 Ke2 74. Kxh3 Kf3 75. Ne5+ Kf4 76. Kh4 1-0